| 000 | 00963nam a22002893a 4500 | ||
|---|---|---|---|
| 999 |
_c28786 _d28757 |
||
| 001 | 013253570 | ||
| 003 | EG-ScBUE | ||
| 005 | 20200922131319.0 | ||
| 008 | 050715s2005 enk f 0 eng d | ||
| 020 | _a0582838207 (pbk.) | ||
| 020 | _a9780582838208 | ||
| 040 |
_aEG-ScBUE _beng _erda _cEG-ScBUE _dEG-ScBUE |
||
| 082 | 0 | 4 |
_a428.2402465 _bROG _222 |
| 100 | 1 |
_aRogers, John _c(Writer on business English) _eauthor. |
|
| 245 | 0 |
_aMarket leader : _bintermediate business English : practice file / _cJohn Rogers. |
|
| 250 | _aNew edition. | ||
| 264 | 1 |
_aHarlow, England : _bPearson Education Limited, _c2005. |
|
| 300 |
_a110 pages ; _c24 cm |
||
| 336 |
_atext _2rdacontent _btxt |
||
| 337 |
_aunmediated _2rdamedia _bn |
||
| 338 |
_avolume _2rdacarrier _bnc |
||
| 650 | 7 |
_aEnglish language _xBusiness English. _2BUEsh |
|
| 653 |
_bHHUUEENN _cSeptember2020 |
||
| 655 |
_vReading book _934232 |
||
| 942 |
_2ddc _cBB |
||